3 Most Famous Cities in Lesotho on a Map - Statistics

General Stats
  • This quiz has been taken 137 times
  • The average score is 2 of 3
Answers on the Map
Answers color-coded by a green-red scale on the quiz's map according to % correct below.
 
Answer Stats
Wiki Monthly Views Cityquiz Mention Rate Population Answers % Correct
16.81K 20.50% 343.54K Maseru
97%
0.61K 0.34% 43.25K Mafeteng
36%
0.70K 0.15% 38.77K Butha-Buthe
29%
No matching quizzes found
Score Distribution
Percent of People with Each Score
Percentile by Number Answered
Your Score History
You have not taken this quiz